000 00947nab a2200265 u 4500
001 12006
003 HDC
007 cr bn ---aaaaa
008 210201b20100104my ||||| |||| 00| 0 may d
040 _aHDC
100 _aMustafa Ngah Mansor,
_eauthor
_912361
245 0 _aKoperasi Pekebun Kecil majukan lebih 200 hektar tanaman komersil /
_cMustafa Ngah Mansor
260 _aMalaysia:
_bNew Straits Times Press (M) Bhd.,
_c2010
300 _a1 online resource
336 _atext
_2rdacontent
337 _acomputer
_2rdamedia
338 _aonline resource
_2rdacarrier
650 _aEntrepreneurship
_9209
650 _aRubber industry and trade.
_zMalaysia
_910694
710 _aBerita Harian
_eissung body
856 _zRequest full-text at [email protected]
942 _2lcc
942 _cNEWS
942 _kNWSC 000084
999 _c9329
_d9329